[Event "Xtracon Chess Open 2018"]
[Site "Elsinore"]
[Date "2018.07.23"]
[Round "4"]
[White "Pallesen, Jacob"]
[Black "Fjallheim, Leif Reinert"]
[Result "0-1"]
[WhiteElo "2058"]
[BlackElo "1886"]
[EventDate "2018.07.21"]
[WhiteFideId "1404881"]
[BlackFideId "7201788"]

1.d4 Nf6 2.Nf3 g6 3.c4 Bg7 4.Nc3 d6 5.e3 O-O 6.Be2 c5 7.d5 a6 8.O-O e6 9.
Rb1 exd5 10.Nxd5 Nc6 11.Nxf6+ Bxf6 12.a3 a5 13.b3 Ne5 14.Nxe5 dxe5 15.Bd3 
Qe7 16.Be4 Rd8 17.Bd5 Bf5 18.Ra1 e4 19.Rb1 Be6 20.Bb2 Bxd5 21.cxd5 Bxb2 
22.Rxb2 Qe5 23.Rd2 Ra6 24.f4 Qf5 25.g4 Qd7 26.Qc2 Qxg4+ 27.Kh1 Qh3 28.Qxc5
Qxf1# 0-1

[Event "Xtracon Chess Open 2018"]
[Site "Elsinore"]
[Date "2018.07.23"]
[Round "4"]
[White "Schouten, Mathias Lind"]
[Black "Nielsen, Klaus"]
[Result "0-1"]
[WhiteElo "1784"]
[BlackElo "2057"]
[EventDate "2018.07.21"]
[WhiteFideId "1532790"]
[BlackFideId "1410210"]

1.e4 e5 2.Nf3 Nc6 3.Bc4 Bc5 4.O-O Nf6 5.d3 d6 6.c3 O-O 7.Re1 h6 8.b4 Bb6 
9.a4 a5 10.b5 Ne7 11.Be3 Bxe3 12.Rxe3 Ng6 13.d4 Qe7 14.d5 Nf4 15.Bf1 Ng4 
16.Re1 f5 17.h3 Nf6 18.g3 fxe4 19.gxf4 exf3 20.Qxf3 e4 21.Nd2 Bf5 22.Qh1 
Rae8 23.c4 Nh5 24.Ra3 Nxf4 25.Rae3 Qg5+ 26.Rg3 Nxh3+ 27.Bxh3 Qxd2 28.Rf1 
e3 29.Bxf5 Rxf5 30.fxe3 Rxe3 31.Rg2 Rxf1+ 0-1

[Event "Xtracon Chess Open 2018"]
[Site "Elsinore"]
[Date "2018.07.23"]
[Round "4"]
[White "Schultz-Pedersen, Jesper"]
[Black "Hjornevik, Knut J"]
[Result "1-0"]
[WhiteElo "2057"]
[BlackElo "1860"]
[EventDate "2018.07.21"]
[WhiteFideId "1404482"]
[BlackFideId "1505157"]

1.e4 e6 2.d4 d5 3.e5 c5 4.Nf3 Nc6 5.Bd3 cxd4 6.O-O h6 7.a3 g5 8.Bb5 Bd7 9.
c4 dxc3 10.Nxc3 Nge7 11.b4 Ng6 12.Bb2 Bg7 13.Bxc6 bxc6 14.Na4 Rb8 15.Qd4 
O-O 16.Rfe1 Ne7 17.Nc5 Nf5 18.Qg4 Bc8 19.Rac1 Kh7 20.Nd4 Nxd4 21.Bxd4 Re8 
22.Nb3 f5 23.Qd1 Bd7 24.Na5 Qc7 25.Qe2 Rec8 26.Rc2 Rb5 27.Rec1 a6 28.Qe1 
Kg6 29.Qc3 Qb8 30.Nb3 Bf8 31.Bc5 Bxc5 32.Nxc5 Qa7 33.Qd4 a5 34.Nxe6 Qxd4 
35.Nxd4 Rb6 36.b5 Kf7 37.bxc6 Be6 38.Rc5 Ra6 39.Nb5 1-0

[Event "Xtracon Chess Open 2018"]
[Site "Elsinore"]
[Date "2018.07.23"]
[Round "4"]
[White "Hansen, Tommy"]
[Black "1941, Bo HT Eriksson"]
[Result "1-0"]
[WhiteElo "1732"]
[BlackElo "2053"]
[EventDate "2018.07.21"]
[WhiteFideId "1511009"]
[BlackFideId "1702777"]

1.e4 c6 2.d4 d5 3.exd5 cxd5 4.c4 Nf6 5.Nc3 e6 6.Nf3 Be7 7.cxd5 Nxd5 8.Bd3 
Nc6 9.O-O O-O 10.a3 b6 11.Re1 Bb7 12.Bc2 Rc8 13.Qd3 g6 14.Bh6 Re8 15.Rad1 
Bf6 16.Ne4 Bg7 17.Bxg7 Kxg7 18.Bb3 Na5 19.Ba2 h6 20.Ne5 f5 21.Qg3 g5 22.
Nc3 Nf4 23.Nf3 Nc4 24.Ne2 Nxg2 25.Kxg2 g4 26.Ng1 Kh7 27.Kh1 gxf3 28.Bb1 
Rg8 29.Qf4 Qf6 30.Rxe6 Qxe6 31.Bxf5+ Qxf5 32.Qxf5+ Rg6 33.Nh3 Nd6 34.Qd7+ 
Kh8 35.Nf4 Rf6 36.Ne6 Rg6 37.Qxd6 Re8 38.Qe5+ Kh7 39.d5 Bc8 40.Qc7+ Kg8 
41.Rg1 Rxg1+ 42.Kxg1 1-0

[Event "Xtracon Chess Open 2018"]
[Site "Elsinore"]
[Date "2018.07.23"]
[Round "4"]
[White "Nielsen, Jorgen Lovgren"]
[Black "Pavlov, Mikhail"]
[Result "1-0"]
[WhiteElo "2051"]
[BlackElo "1830"]
[EventDate "2018.07.21"]
[WhiteFideId "1403850"]
[BlackFideId "44126573"]

1.e4 e6 2.d4 d5 3.Nd2 c5 4.exd5 Qxd5 5.dxc5 Bxc5 6.Ngf3 Nf6 7.Bc4 Qd6 8.
O-O Nc6 9.Qe2 Qc7 10.Ne4 Be7 11.Bg5 Bd7 12.Rad1 h6 13.Nxf6+ Bxf6 14.Bxf6 
gxf6 15.Qe3 a6 16.Qc3 Qf4 17.Nd4 Ne5 18.Be2 Rc8 19.Qb3 Nc6 20.c3 e5 21.Nc2
b5 22.Rxd7 Kxd7 23.Qxf7+ Kd6 24.b4 Nd4 25.cxd4 Rxc2 26.dxe5+ Kxe5 27.Qe7+ 
Kd4 28.Qe6 Rh7 29.Rd1+ Rd2 30.Rxd2+ Qxd2 31.Qxf6+ Kd5 32.Qd8+ 1-0

[Event "Xtracon Chess Open 2018"]
[Site "Elsinore"]
[Date "2018.07.23"]
[Round "4"]
[White "Mortensen, Rogvi"]
[Black "Hafstad, Leif"]
[Result "1-0"]
[WhiteElo "2047"]
[BlackElo "1817"]
[EventDate "2018.07.21"]
[WhiteFideId "7202369"]
[BlackFideId "438030"]

1.d4 Nf6 2.c4 e6 3.Nf3 Bb4+ 4.Bd2 a5 5.g3 b6 6.Bg2 Bb7 7.O-O Bxd2 8.Qxd2 
O-O 9.Qd3 d6 10.Nc3 Nbd7 11.e4 d5 12.exd5 exd5 13.Rfd1 dxc4 14.Qxc4 Ne4 
15.Rac1 Nd6 16.Qd3 Re8 17.h4 f6 18.Nb5 Nxb5 19.Qxb5 Nf8 20.d5 Qd6 21.Nd4 
Rad8 22.Nc6 Bxc6 23.Rxc6 Qe5 24.Bf3 Ne6 25.Qc4 Nc5 26.d6+ Kh8 27.dxc7 Rc8 
28.Rxb6 Rxc7 29.Rb5 Rec8 30.Rxa5 Qe7 31.Qd5 h6 32.Ra8 Rxa8 33.Qxa8+ Kh7 
34.b4 Ra7 35.Qd5 Nd7 36.Qe4+ Qxe4 37.Bxe4+ Kg8 38.a4 Ne5 39.a5 Kf8 40.Rd8+
Ke7 41.Rg8 Ke6 42.Kg2 f5 43.Re8+ Kf6 44.Rf8+ Nf7 45.Bd5 1-0

[Event "Xtracon Chess Open 2018"]
[Site "Elsinore"]
[Date "2018.07.23"]
[Round "4"]
[White "Christiansen, Torsten Sundgaar"]
[Black "Gonzalez, Francisco Silva"]
[Result "0-1"]
[WhiteElo "1722"]
[BlackElo "2045"]
[EventDate "2018.07.21"]
[WhiteFideId "1419714"]
[BlackFideId "1512285"]

1.e4 e5 2.Nf3 Nc6 3.Bc4 Bc5 4.O-O d6 5.d3 Nf6 6.c3 Qe7 7.a4 a6 8.Be3 O-O 
9.Nbd2 Ng4 10.Qe1 Nxe3 11.fxe3 Be6 12.d4 Bxc4 13.Nxc4 Ba7 14.Qh4 Rae8 15.
Qxe7 Rxe7 16.dxe5 Nxe5 17.Nfxe5 dxe5 18.Kf2 f6 19.Rfd1 Kf7 20.b4 Ke6 21.g4
h5 22.h3 Rh8 23.b5 Bc5 24.Rd5 axb5 25.axb5 b6 26.Ra6 Kf7 27.Kg3 hxg4 28.
Kxg4 g5 29.Ra7 Rh4+ 30.Kf5 Bxe3 0-1

[Event "Xtracon Chess Open 2018"]
[Site "Elsinore"]
[Date "2018.07.23"]
[Round "4"]
[White "Hansen, Svein E"]
[Black "Koellner, Felicitas Ophelia"]
[Result "1-0"]
[WhiteElo "2041"]
[BlackElo "1815"]
[EventDate "2018.07.21"]
[WhiteFideId "1519727"]
[BlackFideId "16207521"]

1.d4 d6 2.c4 e5 3.e3 Be7 4.Nc3 c6 5.Nf3 Nd7 6.Be2 Ngf6 7.O-O O-O 8.a3 a5 
9.Rb1 e4 10.Nd2 d5 11.f3 exf3 12.Bxf3 dxc4 13.Nxc4 Nb6 14.Ne5 Be6 15.e4 
Nc4 16.Nxc4 Bxc4 17.Rf2 Qc7 18.b3 Be6 19.a4 Rad8 20.Be3 Bc5 21.Rd2 Bb4 22.
Rd3 Qc8 23.h3 Qc7 24.Ne2 Qe7 25.Nf4 Bc8 26.e5 Nd5 27.Nxd5 cxd5 28.Bg4 f5 
29.exf6 Qxf6 30.Rc1 Bf5 31.Bxf5 Qxf5 32.Rc2 Rc8 33.Rxc8 Rxc8 34.Bf2 Qg5 
35.Qe2 Rc1+ 36.Kh2 Bd6+ 37.Bg3 Bxg3+ 38.Rxg3 Qf4 39.Qe8+ Qf8 40.Qe5 Qf7 
41.Qb8+ Qf8 42.Qxb7 Qf7 43.Qa8+ Qf8 44.Qxd5+ Qf7 45.Qa8+ Qf8 46.Qxf8+ Kxf8
47.Rd3 Ke7 48.d5 Kd6 49.Kg3 Rc2 50.Kf3 g6 51.g4 Rh2 52.Ke4 1-0

[Event "Xtracon Chess Open 2018"]
[Site "Elsinore"]
[Date "2018.07.23"]
[Round "4"]
[White "Skaarup, Kasper"]
[Black "Ponomarev, Denis"]
[Result "1/2-1/2"]
[WhiteElo "2037"]
[BlackElo "1797"]
[EventDate "2018.07.21"]
[WhiteFideId "1446045"]
[BlackFideId "44136650"]

1.d4 Nf6 2.Bg5 Ne4 3.Bf4 d5 4.f3 Nf6 5.Nc3 e6 6.e4 Bb4 7.e5 Nfd7 8.a3 
Bxc3+ 9.bxc3 c5 10.Ne2 Nc6 11.g3 h5 12.h4 Qa5 13.Bd2 Qc7 14.Bh3 Nb6 15.O-O
Bd7 16.f4 O-O-O 17.Be3 Nc4 18.Bf2 f6 19.exf6 gxf6 20.dxc5 e5 21.Bg2 Be6 
22.Re1 Rhg8 23.Kh2 Ne7 24.fxe5 fxe5 25.Nd4 exd4 26.Rxe6 Ne3 27.Qe2 N7f5 
28.Bh3 Rxg3 29.Rd6 Rxh3+ 30.Kxh3 Nxd6 31.cxd6 Qd7+ 32.Kh2 Qg4 33.Qxg4+ 
Nxg4+ 34.Kg3 Nxf2 35.Kxf2 dxc3 36.Rg1 Rxd6 37.Rg5 Kc7 38.Rxh5 Kc6 39.Ke3 
Rg6 40.Kd4 Rg4+ 41.Kxc3 a5 42.Rh8 Rg3+ 43.Kb2 Rh3 44.h5 Kc5 45.h6 Kd4 46.
h7 Rh4 47.a4 1/2-1/2

[Event "Xtracon Chess Open 2018"]
[Site "Elsinore"]
[Date "2018.07.23"]
[Round "4"]
[White "Bremer, Erik"]
[Black "Saravana, Vedant Kumar"]
[Result "0-1"]
[WhiteElo "1476"]
[BlackElo "1691"]
[EventDate "2018.07.21"]
[WhiteFideId "1411578"]
[BlackFideId "45059730"]

1.e4 e5 2.Nf3 Nc6 3.Bc4 Bc5 4.a3 Nf6 5.d3 h6 6.a4 a5 7.Nbd2 d6 8.h3 O-O 9.
O-O Be6 10.Re1 Qd7 11.Bxe6 fxe6 12.Nc4 Qf7 13.Be3 Bxe3 14.Nxe3 Nh5 15.Rf1 
Nf4 16.d4 Nxh3+ 17.gxh3 Qxf3 18.Qxf3 Rxf3 19.Kg2 Raf8 20.d5 Ne7 21.dxe6 
R3f6 22.Nd5 Rg6+ 23.Kh2 Nxd5 24.exd5 Rf3 25.Rad1 Rg5 26.Rd2 Rh5 27.Rg1 
Rfxh3+ 28.Kg2 R3h4 29.Kf1 Rxa4 30.Rd1 Ra2 31.e7 Kf7 32.Rxg7+ Ke8 33.Rd3 
Rf5 34.Rdg3 Rxb2 35.f4 Rxf4+ 36.Ke1 Rxc2 37.Rh7 Rf7 38.Rh8+ Kxe7 39.Rc8 
Rf4 40.Rgg8 Kf6 41.Rh8 Kg5 42.Rcg8+ Kh4 43.Rg6 0-1

[Event "Xtracon Chess Open 2018"]
[Site "Elsinore"]
[Date "2018.07.23"]
[Round "4"]
[White "Pakmor, Claus"]
[Black "Manz, Andreas"]
[Result "1-0"]
[WhiteElo "2023"]
[BlackElo "1791"]
[EventDate "2018.07.21"]
[WhiteFideId "1431609"]
[BlackFideId "24660108"]

1.e4 c5 2.Nc3 d6 3.g3 Nc6 4.Bg2 g6 5.f4 e6 6.Nf3 Bg7 7.O-O Nge7 8.d3 O-O 
9.Be3 b6 10.Qd2 Nd4 11.g4 Bb7 12.Ng5 h6 13.Nh3 f5 14.Nf2 Kh8 15.Rab1 Rc8 
16.Ne2 Ba8 17.Ng3 Qd7 18.c3 Ndc6 19.h4 d5 20.Qe2 d4 21.Bd2 Ng8 22.h5 Nce7 
23.hxg6 Nxg6 24.Nh5 Rce8 25.Nh3 Nf6 26.Nxf6 Bxf6 27.g5 hxg5 28.Nxg5 Bxg5 
29.fxg5 Qh7 30.Rf3 Kg8 31.cxd4 cxd4 32.Bb4 Rf7 33.Rh3 Qg7 34.Rf1 fxe4 35.
Bxe4 Nf4 36.Rxf4 Rxf4 37.Bxa8 Rxa8 38.Qxe6+ Qf7 39.Qe2 Re8 40.Qg2 Rc8 41.
g6 Rc1+ 42.Kh2 Qc7 43.Qd5+ Kg7 44.Rh7+ 1-0

[Event "Xtracon Chess Open 2018"]
[Site "Elsinore"]
[Date "2018.07.23"]
[Round "4"]
[White "Hina, Ariza"]
[Black "Andersson, Lars"]
[Result "0-1"]
[WhiteElo "1483"]
[BlackElo "2022"]
[EventDate "2018.07.21"]
[WhiteFideId "1525441"]
[BlackFideId "1706772"]

1.e4 c6 2.d4 d5 3.Nc3 dxe4 4.Nxe4 Bf5 5.Ng3 Bg6 6.Nh3 e6 7.Nf4 Bd6 8.h4 
Qc7 9.h5 Bxc2 10.Qxc2 Bxf4 11.Bxf4 Qxf4 12.Bd3 Nf6 13.Be4 Nbd7 14.Rd1 O-O 
15.Bf3 Nb6 16.O-O Rad8 17.Rd2 Rxd4 18.Rxd4 Qxd4 19.Rd1 Qf4 20.Qc3 Nbd5 21.
Bxd5 Nxd5 22.Qb3 b6 23.Qa3 a5 24.Qd3 c5 25.a3 h6 26.Ne4 Qe5 27.Qe2 f5 28.
Ng3 Qxe2 29.Nxe2 Kf7 30.Kh2 Kf6 31.Kg3 Kg5 32.Rh1 Rd8 33.f4+ Kf6 34.Rd1 
Ke7 35.Kf3 Nf6 36.Rxd8 Kxd8 37.Ng3 Kd7 38.Ke3 Kd6 39.Kd3 Kd5 0-1

[Event "Xtracon Chess Open 2018"]
[Site "Elsinore"]
[Date "2018.07.23"]
[Round "4"]
[White "Lye, Sverre"]
[Black "Stern, Geoffrey"]
[Result "0-1"]
[WhiteElo "1405"]
[BlackElo "2008"]
[EventDate "2018.07.21"]
[WhiteFideId "1539353"]
[BlackFideId "4002679"]

1.e4 e6 2.d4 d5 3.exd5 exd5 4.Nf3 Bd6 5.Bd3 Nc6 6.O-O Nge7 7.Nc3 a6 8.Re1 
O-O 9.a3 Ng6 10.Nxd5 Bxh2+ 11.Nxh2 Qxd5 12.c3 Bf5 13.c4 Qd7 14.d5 Nce5 15.
Bxf5 Qxf5 16.b3 Rfe8 17.Re3 Re7 18.Bb2 Rae8 19.Qd4 f6 20.Rae1 Nf4 21.Bc3 
Nfd3 22.R1e2 Nc1 23.Rb2 Ned3 24.Rd2 Nf4 25.Qa7 Rxe3 26.fxe3 Nfe2+ 27.Kh1 
Qf2 28.Nf3 Ng3+ 29.Kh2 Nf1+ 30.Kh1 Ng3+ 31.Kh2 Nf1+ 32.Kh1 Nxd2 33.Bxd2 
Nxb3 34.Be1 Qxe3 35.Qxb7 Qb6 36.Qxb6 cxb6 37.d6 Rd8 38.Bg3 Kf7 39.Kg1 Ke6 
40.Kf2 Rc8 41.Ke3 Rxc4 42.Bh2 Ra4 43.Nd2 Nxd2 44.Kxd2 Rxa3 0-1

[Event "Xtracon Chess Open 2018"]
[Site "Elsinore"]
[Date "2018.07.23"]
[Round "4"]
[White "Sorensen, Hampus"]
[Black "Nielsen, Palle"]
[Result "1-0"]
[WhiteElo "2204"]
[BlackElo "1771"]
[EventDate "2018.07.21"]
[WhiteFideId "8703884"]
[BlackFideId "1408526"]

1.d4 Nf6 2.c4 b6 3.Nf3 Bb7 4.Nc3 e6 5.a3 d5 6.cxd5 Nxd5 7.Qc2 Nxc3 8.bxc3 
Ba6 9.e4 Bxf1 10.Kxf1 Be7 11.g3 Nd7 12.Kg2 O-O 13.e5 c5 14.Bb2 Qc7 15.Qe4 
c4 16.a4 Rac8 17.Ba3 Bxa3 18.Rxa3 Qc6 19.Qxc6 Rxc6 20.Rb1 h6 21.Nd2 f5 22.
f4 Rcc8 23.Nf1 Rc7 24.Ne3 Kf7 25.Ra2 g5 26.h3 Rg8 27.Kf3 gxf4 28.gxf4 Rb8 
29.Rg2 Rg8 30.Rxg8 Kxg8 31.Rb4 Nb8 32.Rxc4 Na6 33.Rxc7 Nxc7 34.c4 Kf7 35.
Nc2 a5 36.Ke2 Ke7 37.Kd3 Kd7 38.Kc3 Kc6 39.Ne3 Na6 40.d5+ Kd7 41.dxe6+ 
Kxe6 42.Nd5 Nc5 43.Nxb6 Ne4+ 44.Kd4 1-0

[Event "Xtracon Chess Open 2018"]
[Site "Elsinore"]
[Date "2018.07.23"]
[Round "4"]
[White "Nielsen, Kai Gylling"]
[Black "Dishman, Stephen"]
[Result "0-1"]
[WhiteElo "1813"]
[BlackElo "2320"]
[EventDate "2018.07.21"]
[WhiteFideId "1406400"]
[BlackFideId "403024"]

1.Nf3 d5 2.d4 Nf6 3.c4 c6 4.Nc3 dxc4 5.e4 b5 6.e5 Nd5 7.Ne4 Bf5 8.Ng3 e6 
9.a3 Bg6 10.Be2 Be7 11.O-O O-O 12.h3 Nd7 13.Nh2 c5 14.Be3 N7b6 15.Bh5 Bd3 
16.Be2 Nxe3 17.fxe3 Bg5 18.Rf3 cxd4 19.Ng4 Bxe3+ 20.Nxe3 dxe3 21.Bxd3 Qxd3
22.Qe1 Nd5 23.Rd1 Qc2 24.Nh5 Kh8 25.Rg3 g6 26.Nf6 Nxf6 27.exf6 Qf2+ 28.
Qxf2 exf2+ 29.Kxf2 Rfd8 30.Rxd8+ Rxd8 31.Ke2 h5 32.Rg5 Rd5 33.h4 Rf5 34.
Ke3 Kg8 35.Rxf5 gxf5 36.Kf4 a5 37.Ke5 b4 38.Kd4 c3 39.Kd3 cxb2 0-1

[Event "Xtracon Chess Open 2018"]
[Site "Elsinore"]
[Date "2018.07.23"]
[Round "4"]
[White "Nielsen, Thomas Bach"]
[Black "Kristian, Pade Frederiksen"]
[Result "1/2-1/2"]
[WhiteElo "2111"]
[BlackElo "1808"]
[EventDate "2018.07.21"]
[WhiteFideId "1401785"]
[BlackFideId "1435205"]

1.d4 Nf6 2.c4 g6 3.Nc3 Bg7 4.e4 d6 5.h3 O-O 6.Bg5 Na6 7.Nf3 e5 8.d5 c6 9.
Bd3 cxd5 10.cxd5 Nc5 11.Bc2 a5 12.O-O Bd7 13.a4 Qb6 14.Rb1 Rfc8 15.Nd2 Qa6
16.Kh2 b5 17.axb5 Bxb5 18.Nxb5 Qxb5 19.f4 exf4 20.Bxf4 Ne8 21.Nf3 Rab8 22.
Nd4 Bxd4 23.Qxd4 f6 24.Bd2 Nd7 25.Bc3 Ne5 26.Ba4 Qd3 27.Qxd3 Nxd3 28.Bxe8 
Rxe8 29.Rxf6 Rxe4 30.Rxd6 Re2 31.Rf1 Nc5 32.Bxa5 Ne4 33.Rd8+ Rxd8 34.Bxd8 
Rd2 35.Re1 Rxd5 36.Rxe4 Rxd8 37.Rb4 Kg7 38.Rb6 Rd3 39.h4 Re3 40.b4 Rb3 41.
g4 Kf7 42.b5 Kg7 43.Rb8 Kf6 44.b6 Kg7 45.b7 h6 46.Kg2 Kh7 47.Kf2 Kg7 48.
Ke2 Kh7 49.Kd2 Kg7 50.Kc2 Rb6 51.Kc3 Kh7 52.Kd4 Kg7 53.Kc5 Rb1 54.Kc6 Rc1+
55.Kd6 Rd1+ 1/2-1/2

[Event "Xtracon Chess Open 2018"]
[Site "Elsinore"]
[Date "2018.07.23"]
[Round "4"]
[White "Salerno, Christian"]
[Black "Stochkel, Casper"]
[Result "1-0"]
[WhiteElo "2070"]
[BlackElo "1784"]
[EventDate "2018.07.21"]
[WhiteFideId "1310810"]
[BlackFideId "1426702"]

1.e4 d6 2.d4 Nf6 3.Nc3 c6 4.f4 g6 5.h3 Nbd7 6.Nf3 Bg7 7.Bd3 O-O 8.O-O b5 
9.e5 Ne8 10.Qe1 Nb6 11.Be4 d5 12.Bd3 Bf5 13.Bxf5 gxf5 14.Ne2 e6 15.g4 fxg4
16.hxg4 f6 17.Kg2 Qe7 18.Qh4 Rf7 19.Rh1 h6 20.Ng3 fxe5 21.fxe5 Qf8 22.Bxh6
Bxh6 23.Qxh6 Qxh6 24.Rxh6 1-0

[Event "Xtracon Chess Open 2018"]
[Site "Elsinore"]
[Date "2018.07.23"]
[Round "4"]
[White "Rolstad, Morten"]
[Black "Frisk, Hans"]
[Result "1-0"]
[WhiteElo "1805"]
[BlackElo "2004"]
[EventDate "2018.07.21"]
[WhiteFideId "1525026"]
[BlackFideId "1708570"]

1.e4 e5 2.Nf3 Nf6 3.Nxe5 d6 4.Nf3 Nxe4 5.Nc3 Nxc3 6.dxc3 Be7 7.Be3 Nc6 8.
Qd2 Be6 9.O-O-O Qd7 10.Kb1 a6 11.Ng5 Bxg5 12.Bxg5 f6 13.Be3 O-O-O 14.h3 
Rhe8 15.g4 Bf7 16.Bg2 g5 17.b3 Bg6 18.h4 Qg7 19.hxg5 fxg5 20.Bxg5 Rd7 21.
Rde1 Rxe1+ 22.Rxe1 Ne5 23.f4 Nxg4 24.Qe2 c6 25.Qxg4 h6 26.Re7 1-0

[Event "Xtracon Chess Open 2018"]
[Site "Elsinore"]
[Date "2018.07.23"]
[Round "4"]
[White "Ramkilde, Mikael"]
[Black "Poulsen, Knud"]
[Result "1-0"]
[WhiteElo "1971"]
[BlackElo "1760"]
[EventDate "2018.07.21"]
[WhiteFideId "1439391"]
[BlackFideId "1422324"]

1.e4 d5 2.exd5 Nf6 3.d4 Bg4 4.f3 Bf5 5.g4 Bg6 6.Bb5+ c6 7.dxc6 Nxc6 8.c4 
e6 9.Qa4 Qc7 10.Ne2 Bd6 11.c5 Be7 12.Bf4 Qd7 13.Nbc3 O-O 14.h4 h5 15.g5 
Nd5 16.Rd1 Rfe8 17.a3 a6 18.Bd3 Bf5 19.Bxf5 exf5 20.O-O Nxf4 21.Nxf4 g6 
22.Qc4 Kg7 23.b4 Bd8 24.d5 Ne5 25.Qd4 Kg8 26.Kg2 f6 27.Ne6 Qf7 28.Nxd8 
Raxd8 29.Rfe1 Qg7 30.a4 fxg5 31.hxg5 Re7 32.d6 Ree8 33.b5 h4 34.f4 h3+ 35.
Kg3 h2 36.Rxe5 Qh7 37.Nd5 Kf7 38.Nf6 Qh8 39.Rh1 Re6 40.Rxh2 Qg7 41.Rh7 1-0

[Event "Xtracon Chess Open 2018"]
[Site "Elsinore"]
[Date "2018.07.23"]
[Round "4"]
[White "Mai, Alexander Oliver"]
[Black "Norevall, Ulf"]
[Result "1-0"]
[WhiteElo "1966"]
[BlackElo "1733"]
[EventDate "2018.07.21"]
[WhiteFideId "2313391"]
[BlackFideId "1705555"]

1.Nf3 f5 2.g3 g6 3.Bg2 Bg7 4.d4 Nf6 5.O-O O-O 6.c4 d6 7.Nc3 c6 8.Re1 Ne4 
9.Qc2 Nxc3 10.bxc3 e5 11.dxe5 dxe5 12.Ba3 Re8 13.Rad1 Qa5 14.Bb4 Qb6 15.c5
Qc7 16.Ng5 Qe7 17.Qb3+ Be6 18.Nxe6 Qxe6 19.Rd8 Qxb3 20.Rxe8+ Kf7 21.Rxb8 
Qxb4 22.Rxa8 Qxc5 23.Rb1 b5 24.Rd1 Ke7 25.Rc8 e4 26.Rc7+ Kf6 27.Rdd7 Bf8 
28.e3 a6 29.Rxh7 Bd6 30.Rcd7 Ke6 31.Rdg7 Kf6 32.Rg8 Bf8 33.h4 Qd6 34.Bf1 
Qc5 35.h5 gxh5 36.Rxh5 Bd6 37.Bh3 Qxc3 38.Rxf5+ Ke7 39.Rg4 Qa1+ 40.Kg2 
Qxa2 41.Rxe4+ Kd8 42.Rh5 Kc7 43.Re6 Qc2 44.Bf5 Qc4 45.Rh7+ Kb6 46.Rxd6 Qc5
47.Rf6 Qd5+ 48.e4 1-0

[Event "Xtracon Chess Open 2018"]
[Site "Elsinore"]
[Date "2018.07.23"]
[Round "4"]
[White "Hyldkrog, Lars"]
[Black "Falkesgaard, Jeppe Hald"]
[Result "1-0"]
[WhiteElo "1961"]
[BlackElo "1731"]
[EventDate "2018.07.21"]
[WhiteFideId "1402781"]
[BlackFideId "1464981"]

1.e4 e6 2.d4 d5 3.Nd2 Nf6 4.e5 Nfd7 5.c3 c5 6.Bd3 Nc6 7.Ne2 Be7 8.O-O cxd4
9.cxd4 O-O 10.Nf3 Nb6 11.a3 Na5 12.b3 Bd7 13.Bd2 Nc6 14.Qb1 h6 15.Rc1 Rc8 
16.Rc3 Rc7 17.Qc1 g5 18.h4 g4 19.Nh2 h5 20.Bh6 Re8 21.Ng3 Bxh4 22.Nxh5 f5 
23.exf6 Bxf6 24.Nxg4 Bxd4 25.Bg5 Qc8 26.Bf6 e5 27.Qg5+ Kf7 28.Qg6+ Ke6 29.
Bxe5+ Ke7 30.Qf6# 1-0

[Event "Xtracon Chess Open 2018"]
[Site "Elsinore"]
[Date "2018.07.23"]
[Round "4"]
[White "Nielsen, Morten Majlund"]
[Black "Leonhardsen, Vebjorn Maanum"]
[Result "1/2-1/2"]
[WhiteElo "1959"]
[BlackElo "1726"]
[EventDate "2018.07.21"]
[WhiteFideId "1445448"]
[BlackFideId "1539515"]

1.e4 c6 2.d4 d5 3.exd5 cxd5 4.c4 Nf6 5.Nc3 Nc6 6.Nf3 Bg4 7.cxd5 Nxd5 8.Qb3
Bxf3 9.gxf3 e6 10.Qxb7 Nxd4 11.Bb5+ Nxb5 12.Qc6+ Ke7 13.Qxb5 Qd7 14.Nxd5+ 
Qxd5 15.Qxd5 exd5 16.Be3 Ke6 17.O-O-O Rc8+ 18.Kb1 Bc5 19.Rhe1 Bxe3 20.fxe3
Rhd8 21.Rd3 Rd7 22.Red1 Rcd8 23.Rd4 f5 24.b4 g5 25.Kc2 h5 26.h3 Rg8 27.Kd3
g4 28.hxg4 hxg4 29.Rg1 Rdg7 30.fxg4 fxg4 31.Rg3 Rg5 32.Rf4 R8g6 33.Kd4 Rg8
34.a4 R8g7 35.b5 Kd6 36.Rf6+ Kc7 37.Ra6 Kb7 38.Rd6 Rh7 39.Rxd5 Rxd5+ 40.
Kxd5 Rh3 41.Rxg4 Rxe3 42.Kc5 Re1 43.Rg7+ Kb8 44.Kb4 Re8 45.Rd7 Re4+ 46.Kb3
Re3+ 47.Kc4 Re4+ 48.Rd4 Re8 49.Kb4 Rf8 50.Ka5 Re8 51.Rc4 Rf8 52.Re4 Rd8 
53.Kb4 Rf8 54.Kc5 Rc8+ 55.Kd6 Rc1 56.Re5 Ra1 57.a5 Rd1+ 58.Rd5 Re1 59.Kd7 
Kb7 60.Rd6 Rb1 61.Rc6 Rd1+ 62.Rd6 Rb1 63.a6+ Kb8 64.Rd5 Rh1 65.Kc6 Rh8 66.
Rd6 Rg8 67.Rd7 Rg6+ 68.Kc5 Rg8 69.Rb7+ Ka8 70.Re7 Kb8 71.Kc6 Rc8+ 72.Kd6 
Rg8 73.Rb7+ Ka8 74.Rh7 Kb8 75.Ke7 Rg5 76.Kd7 Rd5+ 77.Kc6 Rd8 78.Rb7+ Ka8 
79.Rc7 Rh8 80.Rd7 Kb8 81.Rd6 Rc8+ 82.Kd7 Rc7+ 83.Kd8 Rc8+ 84.Ke7 Rc7+ 85.
Ke6 Rc5 86.Rd8+ Kc7 87.Rd7+ Kb6 88.Rb7+ Ka5 89.Rxa7 Rxb5 90.Rb7 Kxa6 91.
Rxb5 Kxb5 1/2-1/2

[Event "Xtracon Chess Open 2018"]
[Site "Elsinore"]
[Date "2018.07.23"]
[Round "4"]
[White "Larsen, Preben R."]
[Black "Haraldsson, Leif"]
[Result "0-1"]
[WhiteElo "1803"]
[BlackElo "1942"]
[EventDate "2018.07.21"]
[WhiteFideId "1425790"]
[BlackFideId "1710648"]

1.e4 e5 2.Nf3 Qe7 3.Nc3 c6 4.Bc4 d6 5.h3 h6 6.O-O Nf6 7.d4 g5 8.dxe5 dxe5 
9.Nh2 Rg8 10.Be2 Bg7 11.Ng4 Nbd7 12.a3 Nf8 13.b4 Ng6 14.Be3 Nd7 15.Qd2 Nf4
16.Bf3 Bf8 17.Rad1 Qe6 18.b5 Bxa3 19.bxc6 bxc6 20.Ra1 Bb4 21.Bxf4 gxf4 22.
Rfd1 h5 23.Nh2 Qxh3 24.Qd3 Bxc3 25.Qxc3 Rxg2+ 26.Kf1 Rxh2+ 27.Ke2 Qe6 28.
Ra5 f6 29.Rg1 Kf7 30.Rga1 a6 31.Kf1 0-1

[Event "Xtracon Chess Open 2018"]
[Site "Elsinore"]
[Date "2018.07.23"]
[Round "4"]
[White "Kizatbay, Alseit"]
[Black "Gottschalck, Christian"]
[Result "1-0"]
[WhiteElo "1932"]
[BlackElo "1721"]
[EventDate "2018.07.21"]
[WhiteFideId "13712209"]
[BlackFideId "1428357"]

1.Nf3 d5 2.b3 Nf6 3.Bb2 c5 4.e3 a6 5.a4 Nc6 6.d4 b6 7.Bd3 Nb4 8.Be2 Bf5 9.
Na3 h6 10.O-O e6 11.Ne5 Nd7 12.Nxd7 Qxd7 13.dxc5 bxc5 14.Bf3 Rd8 15.Qe2 
Bg6 16.Rfd1 Qa7 17.c3 Nc6 18.c4 Nb4 19.cxd5 exd5 20.Rd2 f6 21.Rad1 Bf7 22.
Nc2 Nxc2 23.Rxc2 Be7 24.Rcd2 d4 25.exd4 Bxb3 26.Bh5+ Kf8 27.Re1 Bf7 28.
Bxf7 Kxf7 29.Qe6+ Kf8 30.Rde2 Re8 31.Ba3 1-0

[Event "Xtracon Chess Open 2018"]
[Site "Elsinore"]
[Date "2018.07.23"]
[Round "4"]
[White "Densing, Gerd"]
[Black "Linderod, Lars Erik"]
[Result "0-1"]
[WhiteElo "1794"]
[BlackElo "1931"]
[EventDate "2018.07.21"]
[WhiteFideId "24621013"]
[BlackFideId "1435965"]

1.d4 g6 2.e4 Bg7 3.Nf3 d6 4.Nc3 a6 5.Be3 Nf6 6.Bd3 b5 7.Qd2 Nc6 8.Bh6 O-O 
9.Bxg7 Kxg7 10.h4 e5 11.d5 Ne7 12.h5 Nxh5 13.Rxh5 gxh5 14.Qg5+ Ng6 15.Qxh5
Nf4 16.Qh2 Qf6 17.O-O-O Qh6 18.Qg3+ Kh8 19.Kb1 Rg8 20.Qh4 Qxh4 21.Nxh4 
Nxg2 22.Nf5 Bxf5 23.exf5 Nf4 24.Be4 f6 25.a3 Rg5 26.f3 Rag8 27.Kc1 Rg1 28.
b3 h5 29.Rxg1 Rxg1+ 30.Kd2 h4 31.Ke3 h3 0-1

[Event "Xtracon Chess Open 2018"]
[Site "Elsinore"]
[Date "2018.07.23"]
[Round "4"]
[White "Maharjan, Radha Krishna"]
[Black "Jarlnaes, Erik"]
[Result "1/2-1/2"]
[WhiteElo "1765"]
[BlackElo "1930"]
[EventDate "2018.07.21"]
[WhiteFideId "12301884"]
[BlackFideId "1414623"]

1.e4 e5 2.Nf3 Nc6 3.Bb5 Nf6 4.O-O Nxe4 5.Re1 Nd6 6.Nxe5 Be7 7.Nxc6 dxc6 8.
Ba4 O-O 9.c3 Bf5 10.Bc2 Re8 11.Bxf5 Nxf5 12.d4 Bd6 13.Nd2 Qh4 14.Nf3 Qh5 
15.Bd2 Nh4 16.Nxh4 Qxh4 17.g3 Qh3 18.Qf3 h5 19.Re4 Rxe4 20.Qxe4 Qe6 21.
Qxe6 fxe6 22.Re1 Kf7 23.Kg2 c5 24.dxc5 Bxc5 25.Re5 b6 26.Rxh5 Rd8 27.Be1 
Rd1 28.Re5 Ra1 29.b4 Be7 30.Re2 Rc1 31.h4 Bf6 32.Re3 b5 33.Kf3 Ra1 34.Re2 
Rc1 35.Re3 Ra1 36.Re2 Rc1 37.Re3 Ra1 1/2-1/2

[Event "Xtracon Chess Open 2018"]
[Site "Elsinore"]
[Date "2018.07.23"]
[Round "4"]
[White "Nord, Alexander"]
[Black "Green, Per"]
[Result "0-1"]
[WhiteElo "1763"]
[BlackElo "1927"]
[EventDate "2018.07.21"]
[WhiteFideId "1738135"]
[BlackFideId "1703811"]

1.e4 c5 2.Nf3 e6 3.d4 cxd4 4.Nxd4 Nc6 5.Nxc6 bxc6 6.Bd3 d5 7.O-O Qb6 8.c3 
Nf6 9.e5 Nd7 10.Qe2 Nc5 11.Be3 Qc7 12.Bxc5 Bxc5 13.Nd2 a5 14.Kh1 Qb6 15.
Nb3 Be7 16.Qg4 g6 17.Rab1 c5 18.Bc2 Ba6 19.Rfe1 Bb5 20.a4 Bc4 21.Nc1 Rb8 
22.Re3 d4 23.cxd4 cxd4 24.Re1 Rd8 25.Rd1 Qc5 26.Nd3 Bxd3 27.Bxd3 Qxe5 28.
Bb5+ Kf8 29.Rd3 Kg7 30.Rbd1 Bf6 31.f4 Qc5 32.b3 h5 33.Qf3 Rd5 34.Bc4 Rf5 
35.Qe4 Qd6 36.Rf3 Rd8 37.Rdf1 Qb6 38.h3 Rh8 39.Qe1 Qd6 40.Qe4 Rc8 41.Qd3 
Qb4 42.Qc2 Rfc5 43.Qd3 Rxc4 44.bxc4 Rxc4 45.Qa3 Qxa4 46.Qxa4 Rxa4 47.Rd3 
Rc4 48.Ra1 a4 49.Rda3 d3 50.Rd1 Bb2 51.Raxd3 Rxf4 52.Rd7 a3 53.Ra7 e5 54.
g3 Rf2 55.h4 g5 56.Kg1 Rf5 57.Kg2 gxh4 58.gxh4 Kg6 59.Rd3 Rf4 60.Rg3+ Rg4 
61.Rxg4+ hxg4 62.Ra8 e4 63.Kf2 f5 64.Ra5 f4 65.Rg5+ Kh6 66.Ra5 Bc1 67.Ra4 
e3+ 68.Kf1 Kh5 69.Rxf4 e2+ 0-1